00323nam a2200121Ia 4500008004100000100004400041245002500085260004600110300000900156650001100165942000800176999001700184190216s9999||||xx |||||||||||||| ||und|| aAssociation Of Indian University Author 0aQuestion Bank Botany bAssociation Of Indian Universitiesc1986 a412p aBotany cREF c35491d35491